Statistics for Top Welsh Names

Click here to take the quiz!

General Stats

  • This quiz has been taken 33 times
  • The average score is 19 of 123

Answer Stats

Name% Correct
Dafydd
52%
Gwen
48%
Gareth
45%
Rhian
45%
Rhiannon
45%
Carys
41%
Owen
41%
Bethan
38%
Dylan
38%
Elin
38%
Seren
38%
Sion
38%
Angharad
34%
Catrin
34%
Llew
34%
Llewellyn
34%
Rhys
34%
Carwyn
31%
Cerys
31%
Gethin
31%
Lowri
31%
Megan
31%
Morgan
31%
Nia
31%
Osian
31%
Owain
31%
Bryn
28%
Dewi
28%
Ioan
28%
Mari
28%
Bronwen
24%
Cai
24%
Ffion
24%
Griff
24%
Rhodri
24%
Sioned
24%
Anwen
21%
Cariad
21%
Evan
21%
Hywel
21%
Iestyn
21%
Ieuan
21%
Llewelyn
21%
Sian
21%
Eleri
17%
Glyn
17%
Gwenllian
17%
Iolo
17%
Iwan
17%
Mali
17%
Medi
17%
Arwen
14%
Bleddyn
14%
Cadi
14%
Eira
14%
Gruff
14%
Gruffydd
14%
Gryff
14%
Idris
14%
Ifan
14%
Alaw
10%
Emyr
10%
Gwilym
10%
Gwion
10%
Llio
10%
Mared
10%
Olwen
10%
Rhydian
10%
Siwan
10%
Aneirin
7%
Awel
7%
Awen
7%
Betsan
7%
Branwen
7%
Celt
7%
Deio
7%
Delyth
7%
Efan
7%
Eifion
7%
Eirwen
7%
Emrys
7%
Enfys
7%
Fflur
7%
Gruffudd
7%
Guto
7%
Gwendolyn
7%
Gwenno
7%
Iola
7%
Ivan
7%
Teleri
7%
Aneurin
3%
Arianwen
3%
Begw
3%
Caio
3%
Celyn
3%
Dyfan
3%
Elliw
3%
Gethyn
3%
Gwennan
3%
Ianto
3%
Liliwen
3%
Mabli
3%
Mabon
3%
Macsen
3%
Math
3%
Nedw
3%
Tesni
3%
Aneria
0%
Anest
0%
Cynan
0%
Eila
0%
Eirlys
0%
Eos
0%
Iago
0%
Iori
0%
Llei
0%
Lleucu
0%
Llion
0%
Madoc
0%
Menna
0%
Swyn
0%
Taliesin
0%
Taran
0%

Score Distribution

Percentile by Number Answered

Percent of People with Each Score

Your Score History

You have not taken this quiz